000 00750nam a2200217Ii 4500
003 JO-AjNU
008 230605s9999||||xx |||||||||||||| ||und||
017 _a17395
020 _a977-358-038-5
040 _aJO-AjNU
_bara
_erda
_cJO-AjNU
041 _aara
050 1 4 _aBP183.6.H546 2004
100 3 _aحجاب، محمد منير,
_eauthor
_924553
245 0 0 _aتجديد الخطاب الديني في ضوء الواقع المعاصر
264 3 1 _aالقاهرة: دار الفجر للنشر والتوزيع، 2004
300 _a428ص
336 _atext
_btxt
_2rdacontent
337 _aunmediated
_bn
_2rdamedia
338 _avolume
_bnc
_2rdacarrier
650 4 _aالدعوة الاسلامية- الاعلام الاسلامي
_924554
999 _aA9060
_c12628
_d12628